La conquista de Plassans

Saved in:
Bibliografiske detaljer
Hovedforfatter: Zola, Emile (Author)
Format: Bog
Sprog:spansk
Udgivet: Ciudad de México Colección Málaga 1953
Serier:Los Rougon-Maquart, 4
Fag:
Tags: Tilføj Tag
Ingen Tags, Vær først til at tagge denne postø!

MARC

LEADER 00000nam a2200000 a 4500
001 UCQ4884
003 CL-VaPUC
008 980910e19530000MX |||||||||||||||||spa|d
082 0 4 |a 843  |b ZOL  |2 21 
100 0 |a Zola, Emile  |e author  |9 316220 
245 1 3 |a La conquista de Plassans 
300 |a 454 p 
942 |c BK 
945 |d 19980910 00:00:00  |a crobeson 
260 |a Ciudad de México  |b Colección Málaga  |c 1953 
650 0 |a Novela francesa  |9 264985 
650 0 |a Literatura francesa  |9 266330 
583 |a last modification  |c 19980910 00:00:00  |k Rodrigo Vera 
490 0 |a Los Rougon-Maquart, 4 
999 |c 275183  |d 275181 
952 |0 0  |1 0  |4 0  |6 843_000000000000000_ZOL_1953  |7 0  |8 A  |9 311740  |a BIBEDU  |b BIBEDU  |d 2019-11-20  |i 1466615  |o 843 ZOL 1953  |p 1466615  |r 2019-11-20  |w 2019-11-20  |y BK  |k LIT